00478nam a22001457a 4500003000200000005001700002008004100019050002100060245011400081260007200195300002000267500001400287942001200301999001900313020230929133912.0230929b xxu||||| |||| 00| 0 eng d aBF 637b.U9 2022 aAltruistic personality and self-compassion of health care workers during the pandemiccUy, Ysabelle Andrea H. aLas Pinas CitybSouthville International School and CollegescC2022 ax,186pp.c28cm. aAltruism. 2lcccTH c365447d365447